000 00329nam a2200121Ia 4500
008 210430s9999 xx 000 0 und d
082 _a323B4561 C
100 _aReinhard Bendix
245 _aClass Status and Power
_cReinhard Bendix
260 _aIslamabad
_bNational Book Foundation
_c2191
300 _a677p
942 _cBK
_2ddc
999 _c563279
_d563279